Το νευρικόν κύτταρον και αι μορφολογικαί αλλοιώσεις αυτού υπό την επίδρασιν γειτνιαζόντος γλοιώματος : διδακτορική διατριβή
Αποθηκεύτηκε σε:
| Κύριος συγγραφέας: | |
|---|---|
| Άλλοι συγγραφείς: | |
| Μορφή: | Thesis Βιβλίο |
| Γλώσσα: | Greek |
| Δημοσίευση: |
Εν Αθήναις :
Max-Planck Insitut fur Hirnforschung, Tumorforschung und Experimentelle Pathologie, Πανεπιστήμιο της Κολωνίας, Νευροχειρουργική Κλινική,
1964
|
| Θέματα: | |
| Ετικέτες: |
Προσθήκη ετικέτας
Δεν υπάρχουν, Καταχωρήστε ετικέτα πρώτοι!
|
MARC
| LEADER | 00000cam a2200000 i 4500 | ||
|---|---|---|---|
| 001 | 1/61975 | ||
| 008 | 040929s1964 gre d | ||
| 035 | |l 10074569 | ||
| 040 | |a GR-MY-UA |b gre |e aacr | ||
| 041 | 0 | |a gre | |
| 082 | 0 | |a 611 |2 (22) | |
| 100 | 1 | |a Μπόνης, Γεώργιος Κ. | |
| 245 | 1 | 3 | |a Το νευρικόν κύτταρον και αι μορφολογικαί αλλοιώσεις αυτού υπό την επίδρασιν γειτνιαζόντος γλοιώματος : |b διδακτορική διατριβή / |c Γεωργίου Κ. Μπόνη |
| 260 | |a Εν Αθήναις : |b Max-Planck Insitut fur Hirnforschung, Tumorforschung und Experimentelle Pathologie, |b Πανεπιστήμιο της Κολωνίας, Νευροχειρουργική Κλινική, |c 1964 | ||
| 300 | |a 55σ.; |b εικ., πιν.; |c 24εκ. | ||
| 502 | |a Διατριβή (διδακτορική) - Max - Plack - Institut fur Hirnforschung, Tumorforschung und Experimentelle Pathologie, 1964 | ||
| 502 | |a Διατριβή (διδακτορική) - Πανεπιστήμιο της Κολωνίας, Νευροχειρουργική Κλινική, 1964 | ||
| 504 | |a Βιβλιογραφία: σ. 48-55 | ||
| 650 | 0 | 0 | |a Dissertations, Academic. |
| 650 | 0 | 0 | |a Cytology. |
| 650 | 0 | 0 | |a Cytology |x Research. |
| 700 | 1 | |a Muller, W. |4 ths | |
| 852 | |a INST |b LESVOS |c DIATROTHER |e 20040929 |h 82 |p 005100001170 |q 005100001170 |t PHD |y 23 | ||
| 901 | |a BIBL1-2004-2 | ||
| 909 | |a Λ |b 023138 | ||
| 970 | |a ΠΑΤΣΗ |b ΑΝΘΙΠΠΗ |z 2004/09/29 | ||